000 01371nam a2200241Ia 4500
999 _c34670
_d34670
001 450
003 GE_BSU
005 20200204154431.0
008 181216s2009||||ge |||||||||||||| ||geo||
040 _cGE_BSU
041 _ageo
080 _a912(479.22) ს-32
245 _aსაქართველოს ატლასი :
_b[მე-9 კლასის მოსწავლეთათვის] /
_c პროექტის ავტ. ვლადიმერ ბუაჩიძე ; სარედ. კოლ.: ალექსანდრე ასლანიკაშვილი, რომან კვერენჩხილაძე, თამაზ კიკნაძე [და სხვ.].
264 _aთბილისი :
_b''კარტოგრაფია'',
_c2009.
300 _a40 გვ.;
_b22 სმ.
653 _a საქართველოს ატლასი
700 _aბუაჩიძე, ვლადიმერ
_eპროექტის ავტ.
_96793
700 _aასლანიკაშვილი, ალექსანდრე
_96794
700 _aკვერენჩხილაძე, რომან
_96795
700 _aკიკნაძე, თამაზ
_eრედაქტორი
_96796
700 _aუკლება, დავით და სხვ.
_96797
942 _cBK
_2udc